000 00271nam a22001217a 4500
041 _aENG
100 _aPavirakar .N.R
245 _aPratical Mamual For Thermodynamics
260 _aAkopla
_bCollege Of Agri
_c1998
300 _a55
650 _aFMP
856 _uFMP (23 )
999 _c1368
_d1368